[Event "ROM-ch"]
[Site "Bucharest"]
[Date "1994.??.??"]
[Round "1"]
[White "Ionescu, Constantin"]
[Black "Nisipeanu, Liviu Dieter"]
[Result "1-0"]
[WhiteElo "2465"]
[BlackElo "2420"]

1.d4 Nf6 2.c4 d6 3.Nc3 Bf5 4.Nf3 Nbd7 5.g3 c6 6.Bg2 h6 7.O-O e5 8.Nh4 Bh7
9.e4 Be7 10.Be3 O-O 11.Nf5 Bxf5 12.exf5 exd4 13.Bxd4 Qa5 14.Qc2 d5 15.cxd5 Nxd5
16.Nxd5 cxd5 17.Qb3 Bf6 18.Rad1 Bxd4 19.Rxd4 Nc5 20.Qxd5 Rad8 21.Qc4 Rxd4
22.Qxd4 Rd8 23.Qe5 Qb6 24.b3 Nd3 25.Qe3 Nb4 26.Qxb6 axb6 27.a3 Nc6 28.b4 Rd3
29.Rc1 Rxa3 30.Bxc6 bxc6 31.Rxc6 Rf3 32.Rxb6 Rxf5 33.Rb8+ Kh7 34.Kg2 g6 35.Rd8 Rb5
36.Rd4 Kg7 37.Kf3 Kf6 38.Ke3 Rb8 39.Kd3 Ke5 40.f4+ Kf5 41.Kc4 Kg4 42.b5 Kh3
43.Rd2 h5 44.Kc5 Rc8+ 45.Kb6  1-0

[Event "ROM-ch"]
[Site "Bucharest"]
[Date "1994.??.??"]
[Round "2"]
[White "Ceteras, Marius"]
[Black "Nisipeanu, Liviu Dieter"]
[Result "1/2-1/2"]
[WhiteElo "2330"]
[BlackElo "2420"]

1.d4 Nf6 2.c4 g6 3.Nc3 Bg7 4.e4 d6 5.f3 O-O 6.Be3 Nfd7 7.Qd2 c5 8.Nge2 Nc6
9.d5 Na5 10.Ng3 Ne5 11.b3 b5 12.cxb5 a6 13.b6 Qxb6 14.Rc1 h5 15.Na4 Qd8 16.b4 Bd7
17.Nxc5 dxc5 18.bxa5 h4 19.Ne2 Rb8 20.Rxc5 h3 21.Bf2 hxg2 22.Rg1 Qxa5 23.Rxg2 Qa3  1/2-1/2

[Event "ROM-ch"]
[Site "Bucharest"]
[Date "1994.??.??"]
[Round "4"]
[White "Marin, Mihail"]
[Black "Nisipeanu, Liviu Dieter"]
[Result "1/2-1/2"]
[WhiteElo "2520"]
[BlackElo "2420"]

1.e4 c5 2.d3 Nc6 3.g3 g6 4.Bg2 Bg7 5.f4 e6 6.Nf3 Nge7 7.O-O d6 8.c3 O-O 9.Be3 b6
10.Bf2 f5 11.exf5 exf5 12.Na3 h6 13.Re1 Bb7 14.d4 Kh7 15.Qa4 a6 16.Rad1 Qc7
17.Qb3 Rad8 18.Qe6 Ng8 19.dxc5 bxc5 20.Nc4 Rfe8 21.Qxe8 Rxe8 22.Rxe8 Nf6
23.Nxd6 Nxe8 24.Nxe8 Qe7 25.Re1 Qf8 26.Nxg7 Kxg7 27.Ne5 Nxe5 28.fxe5 Bxg2
29.Kxg2 Qa8+ 30.Kg1 Qd5 31.e6 Kf8 32.b3 Ke8 33.c4 Qd2 34.a4 g5  1/2-1/2

[Event "ROM-ch"]
[Site "Bucharest"]
[Date "1994.??.??"]
[Round "5"]
[White "Nisipeanu, Liviu Dieter"]
[Black "Dumitrache, Dragos"]
[Result "1/2-1/2"]
[WhiteElo "2420"]
[BlackElo "2475"]

1.e4 e5 2.Nf3 Nc6 3.Bb5 Nf6 4.O-O Nxe4 5.d4 Nd6 6.Bxc6 dxc6 7.dxe5 Nf5 8.Qe2 Nd4
9.Nxd4 Qxd4 10.Rd1 Bg4 11.Rxd4 Bxe2 12.Nc3 Bh5 13.Be3 Bg6 14.Rd2 Bb4 15.Rad1 h6
16.h3 Bf5 17.g4 Bxc3 18.bxc3 Be6 19.a4 g5 20.f3 Bd5 21.Kf2 O-O-O 22.h4  1/2-1/2

[Event "ROM-ch"]
[Site "Bucharest"]
[Date "1994.??.??"]
[Round "6"]
[White "Vasiesiu, Dan"]
[Black "Nisipeanu, Liviu Dieter"]
[Result "0-1"]
[WhiteElo "2415"]
[BlackElo "2420"]

1.e4 c5 2.Nf3 d6 3.d4 cxd4 4.Nxd4 Nf6 5.Nc3 a6 6.Bg5 e6 7.f4 Qc7 8.Bxf6 gxf6
9.f5 Qc5 10.Be2 Nc6 11.Nb3 Qe3 12.fxe6 fxe6 13.Qd2 Qxd2+ 14.Nxd2 Ne5 15.Rf1 Ke7
16.Na4 Nd7 17.Rf3 b5 18.Nc3 Bh6 19.a4 b4 20.Na2 a5 21.c3 Nc5 22.cxb4 axb4
23.Nxb4 Bd7 24.Nc4 Nxe4 25.Rh3 Bg5 26.Bf3 f5 27.Bxe4 fxe4 28.Nb6 Rab8 29.a5 Bb5
30.Rh5 h6 31.h4 Rbf8 32.hxg5 Rf1+ 33.Kd2 Rxa1 34.gxh6 Be8 35.Rg5 Kf6 36.Rg4 Rxa5
37.Nc4 Rb5 38.Kc3 Rc5 39.Kb3 Ba4+ 40.Kxa4 Rxc4  0-1

[Event "ROM-ch"]
[Site "Bucharest"]
[Date "1994.??.??"]
[Round "7"]
[White "Nisipeanu, Liviu Dieter"]
[Black "Cozianu, Costin"]
[Result "1/2-1/2"]
[WhiteElo "2420"]
[BlackElo "2355"]

1.e4 e5 2.Nf3 Nc6 3.Bb5 a6 4.Ba4 Nf6 5.O-O Nxe4 6.d4 b5 7.Bb3 d5 8.dxe5 Be6
9.Be3 Qd7 10.c3 Be7 11.Nbd2 Rd8 12.Bc2 Nxd2 13.Bxd2 Bg4 14.Re1 d4 15.Be4 O-O
16.h3 Bh5 17.Bf4 d3 18.Re3 Qe6 19.Rxd3 Nxe5 20.Bxe5 Bxf3 21.Qxf3 Qxe5 22.Bxh7+ Kxh7
23.Re3 Qd6 24.Qe4+ Kg8 25.Qxe7 Qxe7 26.Rxe7 Rd2 27.b4 Rc2 28.Rxc7 Rd8 29.Re1 g6
30.Rc6 Rxa2 31.Rf6 Rd7 32.Rf3 Ra3 33.h4 Rc7 34.Ree3 Kg7 35.Rd3 a5 36.bxa5 Rxa5
37.Rg3 Ra1+ 38.Kh2 Ra4  1/2-1/2

[Event "ROM-ch"]
[Site "Bucharest"]
[Date "1994.??.??"]
[Round "8"]
[White "Nevednichy, Vladislav"]
[Black "Nisipeanu, Liviu Dieter"]
[Result "1-0"]
[WhiteElo "2470"]
[BlackElo "2420"]

1.e4 c5 2.Nf3 e6 3.d4 cxd4 4.Nxd4 Nf6 5.Nc3 d6 6.g4 a6 7.g5 Nfd7 8.f4 Nc6
9.Be3 h6 10.Nxe6 fxe6 11.Qh5+ Ke7 12.e5 d5 13.O-O-O Qe8 14.g6 Kd8 15.f5 d4
16.fxe6 Qxe6 17.Bxd4 Nxd4 18.Rxd4 Bc5 19.Bh3 Qe7 20.Rd3 Ke8 21.Nd5 Qg5+ 22.Qxg5 hxg5
23.Nc7+ Ke7 24.Nxa8 Nxe5 25.Re1 Kf6 26.Rd5 Bxh3 27.Rxc5 Nf3 28.Re3 Bg4 29.Nc7 Rxh2
30.b3 Kxg6 31.Ne8 Rf2 32.Re7 Kh5 33.Rxg7 Kh4 34.Nf6 Rf1+ 35.Kb2 Bh3 36.Ne4 Re1
37.Nxg5  1-0

[Event "ROM-ch"]
[Site "Bucharest"]
[Date "1994.??.??"]
[Round "9"]
[White "Nisipeanu, Liviu Dieter"]
[Black "Negulescu, Adrian"]
[Result "1/2-1/2"]
[WhiteElo "2420"]
[BlackElo "2435"]

1.e4 e6 2.d4 d5 3.Nc3 dxe4 4.Nxe4 Nd7 5.Nf3 Ngf6 6.Nxf6+ Nxf6 7.Bd3 c5 8.dxc5 Bxc5
9.O-O O-O 10.Qe2 h6 11.b3 b6 12.Bb2 Bb7 13.Rad1 Qe7 14.Ne5 Rad8 15.c4 Rd6
16.Bb1 Rxd1 17.Rxd1 Rd8 18.Rxd8+ Qxd8 19.h3 Qd6  1/2-1/2

[Event "ROM-ch"]
[Site "Bucharest"]
[Date "1994.??.??"]
[Round "13"]
[White "Nisipeanu, Liviu Dieter"]
[Black "Ardeleanu, Alin"]
[Result "1-0"]
[WhiteElo "2420"]
[BlackElo "2370"]

1.e4 c5 2.Nf3 d6 3.d4 cxd4 4.Nxd4 Nf6 5.Nc3 a6 6.Be3 e5 7.Nf3 Be7 8.Bc4 Be6
9.Bb3 O-O 10.O-O Nc6 11.Bg5 Rc8 12.Bxf6 Bxf6 13.Nd5 Nd4 14.Nxd4 exd4 15.Qd3 Bxd5
16.Bxd5 Qb6 17.Bb3 a5 18.a4 Qa6 19.Rae1 Qxd3 20.cxd3 Rc5 21.Bc4 g6 22.Rb1 b6
23.b4 Rc7 24.bxa5 bxa5 25.Rb5 Ra8 26.Rd5 Rc6 27.Rb1 Be5 28.Rb7 Rac8 29.g3 g5
30.Rxa5 Rxc4 31.dxc4 Rxc4 32.Rb3 g4 33.Ra3 Kg7 34.Rd5 Rc6 35.a5 Ra6 36.Rb5 Kf6
37.Rb6 Ra8 38.a6 Ke6 39.Kf1 f5 40.a7 fxe4 41.Rb8  1-0

[Event "ROM-chT"]
[Site "ROM"]
[Date "1994.??.??"]
[Round "?"]
[White "Sanduleac, Vasile"]
[Black "Nisipeanu, Liviu Dieter"]
[Result "1-0"]
[WhiteElo "2300"]
[BlackElo "2410"]

1.e4 c5 2.Nf3 e6 3.d3 Nc6 4.g3 g6 5.Bg2 Bg7 6.O-O Nge7 7.Nbd2 O-O 8.c3 d6
9.Re1 e5 10.Nc4 f5 11.b4 cxb4 12.cxb4 b5 13.Ncd2 Kh8 14.Qb3 Rf6 15.a4 Be6
16.Qa3 a5 17.bxa5 Rxa5 18.Qc3 b4 19.Qb2 Rc5 20.Qb1 d5 21.exf5 Bxf5 22.Bb2 Rc3
23.Bxc3 bxc3 24.Nb3 e4 25.Nh4 exd3 26.Nxf5 c2 27.Qc1 Rxf5 28.Nc5 Nd4 29.Nxd3 Nb3
30.Qxc2 Nxa1 31.Qc5 Ng8 32.Rb1 Qf6 33.g4 Rg5 34.h3 h5 35.f4 hxg4 36.fxg5 Qxg5
37.Qc1 Qf5 38.Qf1 Bd4+ 39.Kh2 Qh5 40.Rxa1 gxh3 41.Bf3  1-0

[Event "ROM-chT"]
[Site "ROM"]
[Date "1994.??.??"]
[Round "?"]
[White "Nisipeanu, Liviu Dieter"]
[Black "Grunberg, Mihai"]
[Result "1/2-1/2"]
[WhiteElo "2410"]
[BlackElo "2340"]

1.e4 Nf6 2.e5 Nd5 3.g3 d6 4.exd6 exd6 5.Bg2 Nf6 6.d4 d5 7.Ne2 Bd6 8.O-O O-O
9.Bg5 c6 10.Qd3 Bg4 11.Nbc3 h6 12.Be3 Qd7 13.f3 Bf5 14.Qd2 Re8 15.Bf4 Na6
16.g4 Bh7  1/2-1/2

[Event "ROM-chT"]
[Site "ROM"]
[Date "1994.??.??"]
[Round "?"]
[White "Nisipeanu, Liviu Dieter"]
[Black "Dumitrescu, Dragos"]
[Result "1-0"]
[WhiteElo "2410"]
[BlackElo "2370"]

1.e4 c5 2.Nf3 d6 3.d4 cxd4 4.Nxd4 Nf6 5.Nc3 e6 6.Be3 a6 7.f3 Nbd7 8.g4 h6
9.h4 b5 10.Rg1 g6 11.g5 hxg5 12.hxg5 Nh5 13.Qd2 Bb7 14.O-O-O b4 15.Nce2 d5
16.Rh1 Rg8 17.Rxh5 gxh5 18.g6 Rxg6 19.Nf4 Ne5 20.exd5 Bxd5 21.Qe1 Qe7 22.Nf5 Qd7
23.Bh3 f6 24.Rxd5 exd5 25.Nxg6 Nxg6 26.Bc5+ Kd8 27.Bb6+  1-0

[Event "ROM-chT"]
[Site "ROM"]
[Date "1994.??.??"]
[Round "?"]
[White "Anapolsky, Sergey"]
[Black "Nisipeanu, Liviu Dieter"]
[Result "1/2-1/2"]
[WhiteElo "2445"]
[BlackElo "2410"]

1.d4 Nf6 2.c4 g6 3.Nc3 Bg7 4.Nf3 O-O 5.g3 d6 6.Bg2 Nbd7 7.O-O e5 8.e4 exd4
9.Nxd4 Re8 10.Be3 Ne5 11.b3 Nfg4 12.Bf4 Bd7 13.f3 Nf6 14.Qd2 c6 15.Rad1 Qa5
16.Nd5 Qxd2 17.Nxf6+ Bxf6 18.Rxd2 g5 19.Be3 b6 20.Kf2 Rac8 21.Rfd1 d5 22.Ne2 g4  1/2-1/2

[Event "Bad Woerishofen op"]
[Site "Bad Woerishofen"]
[Date "1995.??.??"]
[Round "4"]
[White "Dobosz, Henryk"]
[Black "Nisipeanu, Liviu Dieter"]
[Result "1/2-1/2"]
[WhiteElo "2420"]
[BlackElo "2420"]

1.d4 Nf6 2.c4 g6 3.Nc3 Bg7 4.e4 d6 5.h3 O-O 6.Bg5 Na6 7.Nf3 Qe8 8.g4 c5 9.d5 e6
10.Qe2 exd5 11.exd5 Bd7 12.Nd2 b5 13.cxb5 Nb4 14.O-O-O Qxe2 15.Bxe2 Nfxd5
16.Nxd5 Nxd5 17.Nc4 h6 18.Bh4 Nf4 19.Bf3 Rab8 20.a4 a6 21.Rxd6 Be6 22.Bg3 axb5
23.Bxf4 bxc4 24.Rxe6 fxe6 25.Bxb8 Rxb8 26.Re1 Bxb2+ 27.Kc2 Bd4 28.Rxe6 Rb2+
29.Kc1 Ra2 30.Bd5 Kg7 31.Bxc4 Rxa4 32.Bd3 g5 33.Rg6+ Kf7 34.Rxh6 Bxf2 35.Bc2 Rd4
36.Rc6 Be3+ 37.Kb2 Rb4+ 38.Bb3+ Kg7 39.Kc2 Bd4 40.Rc8 Kf6 41.Rc6+ Ke5 42.Rc8 Kf4
43.Be6 Rb2+ 44.Kd3 Rh2 45.Rf8+ Ke5 46.Bc8 Rxh3+ 47.Ke2 c4 48.Rf5+ Kd6 49.Rxg5 Rh2+
50.Kd1 c3 51.Bf5 Rd2+ 52.Kc1 Be3 53.Rh5 Ke5 54.Rh7 Kf4 55.Re7 Kf3 56.Rxe3+ Kxe3
57.Bg6 Rg2 58.Bf5 Kd4 59.Kb1 Kc4 60.Kc1 Kb4 61.Kb1 Kb3 62.Be6+ Ka3 63.Kc1 Re2
64.Bf7 Rf2 65.Be6 Rg2 66.Bf5 Re2 67.Bg6 Kb4 68.Bd3 Re3 69.Bg6 Rg3 70.Bf5 Rg2
71.Kb1 Rb2+ 72.Kc1 Ka3 73.Bc2 Rb4 74.Bf5 Rc4 75.Kc2 Kb4 76.Kb1 Rc5 77.Kc2 Rc6
78.Kc1  1/2-1/2

[Event "Bad Woerishofen op"]
[Site "Bad Woerishofen"]
[Date "1995.??.??"]
[Round "9"]
[White "Nisipeanu, Liviu Dieter"]
[Black "Kupreichik, Viktor D"]
[Result "1-0"]
[WhiteElo "2420"]
[BlackElo "2500"]

1.e4 c5 2.Nf3 d6 3.d4 cxd4 4.Nxd4 Nf6 5.Nc3 Bd7 6.Be3 a6 7.f3 e6 8.g4 h6
9.Qd2 Nc6 10.O-O-O Qc7 11.h4 Ne5 12.Qg2 g6 13.g5 hxg5 14.hxg5 Rxh1 15.Qxh1 Nh5
16.f4 Ng3 17.Qh7 Nxf1 18.Rxf1 Nc4 19.Bg1 Rc8 20.f5 Nxb2 21.fxe6 Nd3+ 22.Kb1 Bxe6
23.Nxe6 Qe7 24.Nd5 Qxe6 25.cxd3  1-0

[Event "Ciocaltea mem"]
[Site "Bucharest"]
[Date "1995.??.??"]
[Round "1"]
[White "Dumitrache, Dragos"]
[Black "Nisipeanu, Liviu Dieter"]
[Result "1-0"]
[WhiteElo "2530"]
[BlackElo "2420"]

1.d4 Nf6 2.c4 c5 3.d5 b5 4.cxb5 a6 5.bxa6 g6 6.Nc3 Bxa6 7.e4 Bxf1 8.Kxf1 d6
9.Nf3 Bg7 10.h3 O-O 11.Kg1 Nbd7 12.Kh2 Nb6 13.Qc2 Qd7 14.a4 Rfb8 15.Re1 Nc4
16.Rb1 Nh5 17.b3 Ne5 18.Nxe5 Bxe5+ 19.g3 f5 20.f4 Bxc3 21.Qxc3 Rxa4 22.bxa4 Rxb1
23.exf5 Qxf5 24.g4 Qf6 25.Qc2 Qh4 26.Rg1 Nxf4 27.Bxf4 Rxg1 28.Kxg1 Qxh3 29.Qe2 Qb3  1-0

[Event "Ciocaltea mem"]
[Site "Bucharest"]
[Date "1995.??.??"]
[Round "2"]
[White "Nisipeanu, Liviu Dieter"]
[Black "Rogozenko, Dorin"]
[Result "1/2-1/2"]
[WhiteElo "2420"]
[BlackElo "2440"]

1.e4 c5 2.Nf3 e6 3.d4 cxd4 4.Nxd4 Nf6 5.Nc3 Nc6 6.Ndb5 d6 7.Bf4 e5 8.Bg5 a6
9.Na3 b5 10.Nd5 Be7 11.Bxf6 Bxf6 12.c3 Rb8 13.Nc2 Bg5 14.a3 a5 15.Bd3 O-O
16.Qe2 Na7 17.h4 Bh6 18.g4 Bf4 19.Qf3 Nc6 20.g5 Be6 21.Nxf4 exf4 22.Qxf4 b4
23.axb4 axb4 24.Nd4 Ne5 25.Be2 bxc3 26.bxc3 Rb2 27.O-O Qc8 28.Qg3 Bc4 29.Bxc4 Qxc4
30.Rfd1 Rfb8 31.h5 g6 32.h6 Qc8 33.Ra7 Ng4 34.Rf1 Qc5 35.Qxg4 Qxa7 36.Nc6 Qc5
37.Nxb8 Rxb8 38.Rd1 Re8 39.Qf4 Re6 40.Kg2 Qc6 41.Rd5 f5 42.gxf6 Kf7 43.Qe3 Qa4
44.c4 Rxf6 45.Qd4 Qa3 46.e5 dxe5 47.Rd7+ Ke6 48.Qd5+ Kf5 49.Rxh7 Kg5 50.Qxe5+ Rf5
51.Qe7+ Qxe7 52.Rxe7 Kxh6 53.Re2 Kg5 54.Rc2 Rc5 55.Kf3 Kf5 56.Ke3 Ke5 57.f4+ Kd6
58.Kd4 Rf5 59.c5+ Kc6 60.Ke4 Rf6 61.Rc1 Rf5 62.Rc2 Rf6  1/2-1/2

[Event "Ciocaltea mem"]
[Site "Bucharest"]
[Date "1995.??.??"]
[Round "5"]
[White "Nevednichy, Vladislav"]
[Black "Nisipeanu, Liviu Dieter"]
[Result "1/2-1/2"]
[WhiteElo "2485"]
[BlackElo "2420"]

1.e4 c5 2.Nf3 d6 3.d4 cxd4 4.Nxd4 Nf6 5.Nc3 a6 6.Be3 e6 7.Be2 Be7 8.f4 Qc7
9.O-O O-O 10.g4 Re8 11.g5 Nfd7 12.f5 Bf8 13.fxe6 fxe6 14.Bh5 g6 15.Bg4 Ne5
16.Rf6 Nxg4 17.Qxg4 Nd7 18.Rxe6 Ne5 19.Rxe8 Nxg4 20.Rf1 Qf7 21.Rxf7 Kxf7
22.Rxf8+ Kxf8 23.Bf4 Ne5 24.Bxe5 dxe5 25.Nf3 Be6 26.Nxe5  1/2-1/2

[Event "Ciocaltea mem"]
[Site "Bucharest"]
[Date "1995.??.??"]
[Round "8"]
[White "Nisipeanu, Liviu Dieter"]
[Black "Istratescu, Andrei"]
[Result "1/2-1/2"]
[WhiteElo "2420"]
[BlackElo "2505"]

1.e4 c6 2.d4 g6 3.Nc3 Bg7 4.Nf3 d5 5.h3 dxe4 6.Nxe4 Nd7 7.Bd3 Ngf6 8.Nxf6+ Nxf6
9.O-O O-O 10.c3 a5 11.a4 Bf5  1/2-1/2

[Event "Ciocaltea mem"]
[Site "Bucharest"]
[Date "1995.??.??"]
[Round "9"]
[White "Ionescu, Constantin"]
[Black "Nisipeanu, Liviu Dieter"]
[Result "1/2-1/2"]
[WhiteElo "2535"]
[BlackElo "2420"]

1.d4 Nf6 2.c4 g6 3.Nc3 Bg7 4.e4 d6 5.f3 O-O 6.Bg5 a6 7.Qd2 Nbd7 8.Nge2 c5
9.Bh6 Bxh6 10.Qxh6 Qa5 11.h4 b5 12.h5 Bb7 13.dxc5 b4 14.Nd1 Nxc5 15.Nd4 Na4
16.hxg6  1/2-1/2

[Event "Ciocaltea mem"]
[Site "Bucharest"]
[Date "1995.??.??"]
[Round "10"]
[White "Itkis, Boris"]
[Black "Nisipeanu, Liviu Dieter"]
[Result "1/2-1/2"]
[WhiteElo "2410"]
[BlackElo "2420"]

1.Nf3 Nf6 2.d4 g6 3.g3 Bg7 4.Bg2 O-O 5.c4 d6 6.O-O c5 7.b3 Nc6 8.Bb2 d5 9.Nbd2 dxc4
10.Nxc4 Be6 11.dxc5 Bxc4 12.bxc4 Ne4 13.Bxg7 Kxg7 14.Ne5 Nxe5 15.Bxe4 Qc7
16.Rb1 Rab8 17.Qd4 Rfd8 18.Qc3 f6 19.Qb4 Rdc8 20.f4 Nf7 21.Rfd1 Qxc5+ 22.Qxc5 Rxc5
23.Rd7 Kf8 24.Rbxb7 Rxb7 25.Rxb7 Nd6 26.Rb8+ Kf7 27.Bd3 Nxc4 28.Rb7 a6 29.a4 Rc6
30.Kf2 f5 31.Ra7 Kf6 32.h3 h5 33.Kg2 Ne3+ 34.Kf3 Nc4 35.Kf2 a5 36.g4 hxg4
37.hxg4 fxg4 38.Kg3 e5 39.Kxg4 exf4 40.Kxf4 g5+ 41.Ke4 Re6+ 42.Kd4 Ne5 43.Be4 Nc6+
44.Bxc6 Rxc6 45.Rxa5 g4 46.Rb5 g3 47.Rb3 g2 48.Rg3 Ra6  1/2-1/2

[Event "Eger op"]
[Site "Eger"]
[Date "1995.??.??"]
[Round "?"]
[White "Nisipeanu, Liviu Dieter"]
[Black "Hocevar, Nikola"]
[Result "1-0"]
[WhiteElo "2420"]
[BlackElo "2255"]

1.e4 c6 2.d4 d5 3.e5 Bf5 4.Nc3 e6 5.g4 Bg6 6.Nge2 c5 7.h4 f6 8.Nf4 Bf7 9.exf6 Nxf6
10.g5 Ne4 11.Nxe4 dxe4 12.Qe2 Qxd4 13.c3 Qd6 14.Qxe4 Nc6 15.Be3 O-O-O 16.Bh3 Re8
17.O-O Qe5 18.Qa4 Bd6 19.Rad1 Kb8 20.Rfe1 Bh5 21.Bc1 Bxd1 22.Qxd1  1-0

[Event "Eger op"]
[Site "Eger"]
[Date "1995.??.??"]
[Round "?"]
[White "Seres, Lajos"]
[Black "Nisipeanu, Liviu Dieter"]
[Result "0-1"]
[WhiteElo "2430"]
[BlackElo "2420"]

1.d4 Nf6 2.c4 c5 3.d5 b5 4.cxb5 a6 5.b6 Qxb6 6.Nc3 g6 7.e4 d6 8.Nf3 Bg7 9.Be2 O-O
10.O-O Nbd7 11.Nd2 Rb8 12.Nc4 Qc7 13.Bf4 Ne5 14.Nxe5 dxe5 15.Be3 Rxb2 16.Na4 Rxe2
17.Qxe2 Nxe4 18.Nxc5 Nc3 19.Qd2 e4 20.Rac1 Qe5 21.Nb3 Nxd5 22.Bd4 Qd6 23.Bxg7 Kxg7
24.Rfd1 Nf4 25.Qe3 Qf6 26.Qxe4 e5 27.Nc5 Bf5 28.Qe3 Rc8 29.Ne4 Rxc1 30.Rxc1 Bxe4
31.Qxe4 Nh3+ 32.gxh3 Qg5+ 33.Kh1 Qxc1+ 34.Kg2 Qg5+ 35.Kh1 Qc1+ 36.Kg2 Qg5+
37.Kh1 Qf5 38.Qe2 h5 39.Kg2 a5 40.Qb5 e4 41.Qa4 Qd5 42.Kg1 Kf6 43.Qc2 Qd4
44.Qc6+ Kg7 45.Qc2 a4 46.Qc1 Qd3 47.h4 a3 48.Qa1+ Kg8 49.Qc1 Qf3 50.Qc5 e3
51.Qxe3 Qd1+ 52.Kg2 Qd5+  0-1

[Event "Eger op"]
[Site "Eger"]
[Date "1995.??.??"]
[Round "?"]
[White "Papp, Zsolt"]
[Black "Nisipeanu, Liviu Dieter"]
[Result "0-1"]
[WhiteElo "2110"]
[BlackElo "2420"]

1.d4 Nf6 2.c4 c5 3.d5 b5 4.cxb5 a6 5.e3 g6 6.Nc3 Bg7 7.a4 O-O 8.Ra3 Bb7 9.Bc4 axb5
10.axb5 Rxa3 11.bxa3 Qa5 12.Bd2 Qxa3 13.Nge2 e6 14.e4 Nxe4 15.Nxe4 exd5 16.Nd6 Ba8
17.O-O dxc4 18.Nxc4 Qd3 19.Nb6 Bb7 20.Be3 Qxb5 21.Nd5 Bxd5  0-1

[Event "BL2-N9495"]
[Site "Germany"]
[Date "1995.??.??"]
[Round "?"]
[White "Nisipeanu, Liviu Dieter"]
[Black "Lisek, Juergen"]
[Result "1-0"]
[WhiteElo "2420"]
[BlackElo "2280"]

1.e4 c5 2.Nf3 Nc6 3.d4 cxd4 4.Nxd4 Nf6 5.Nc3 d6 6.Bg5 Bd7 7.Qd2 Rc8 8.O-O-O a6
9.f4 b5 10.Nxc6 Bxc6 11.Qe1 Qa5 12.Kb1 Nd7 13.Bd3 g6 14.Qe2 Bg7 15.Nd5 f6
16.Bh4 e6 17.f5 gxf5 18.Qh5+ Kf8 19.Nf4 Nc5 20.exf5 Bd7 21.fxe6 Nxe6 22.Qd5 Nxf4
23.Qxd6+ Kg8 24.Qxd7 Rf8 25.Bf5 Rf7 26.Qe8+ Bf8 27.Rhf1 Qb4 28.Rxf4  1-0

[Event "BL2-N9495"]
[Site "Germany"]
[Date "1995.??.??"]
[Round "?"]
[White "Nisipeanu, Liviu Dieter"]
[Black "Apel, Stefan"]
[Result "1-0"]
[WhiteElo "2420"]
[BlackElo "2305"]

1.e4 c5 2.Nf3 Nc6 3.d4 cxd4 4.Nxd4 Nf6 5.Nc3 e5 6.Ndb5 d6 7.Bg5 a6 8.Na3 b5
9.Nd5 Be7 10.Bxf6 Bxf6 11.c3 O-O 12.Nc2 Bg5 13.a4 bxa4 14.Rxa4 a5 15.Bc4 Rb8
16.b3 Kh8 17.Nce3 Bd7 18.Ra2 Bh6 19.Ng4 Qh4 20.h3 f5 21.exf5 Bxf5 22.Nde3 Be4
23.O-O Bf4 24.Bd5 Bxd5 25.Qxd5 Ne7 26.Qxd6 e4 27.Qe6 h5 28.g3 Bxg3 29.fxg3 Qxg3+
30.Rg2 Rxf1+ 31.Nxf1 Qxc3 32.Ne5 Qc5+ 33.Kh1 Rb6 34.Nf7+ Kg8 35.Nd6+ Kh7
36.Qxe4+  1-0

[Event "EU-ch U20"]
[Site "Holon"]
[Date "1995.??.??"]
[Round "1"]
[White "Slivinskas, Mindaugas"]
[Black "Nisipeanu, Liviu Dieter"]
[Result "0-1"]
[WhiteElo "2265"]
[BlackElo "2465"]

1.e4 c5 2.Nf3 d6 3.d4 cxd4 4.Nxd4 Nf6 5.Nc3 a6 6.Be2 e6 7.O-O Be7 8.a4 Nc6
9.Be3 O-O 10.Kh1 Qc7 11.f4 Re8 12.Nxc6 bxc6 13.Bd3 a5 14.e5 dxe5 15.fxe5 Qxe5
16.Bd4 Qh5 17.Be2 Qh6 18.Rf3 e5 19.Bxe5 Bg4 20.Bf4 g5 21.Rg3 gxf4 22.Rxg4+ Nxg4
23.Bxg4 Bh4 24.Qf1 Re3 25.Ne2 Rae8 26.h3 Qg5 27.Rd1 h5 28.Bf3 Bg3 29.Rd2 Qg6
30.b3 R8e5 31.Qd1 Qe6 32.Kg1 Kg7 33.Bxh5 Rxh5  0-1

[Event "EU-ch U20"]
[Site "Holon"]
[Date "1995.??.??"]
[Round "4"]
[White "Nisipeanu, Liviu Dieter"]
[Black "Drenchev, Petar"]
[Result "1-0"]
[WhiteElo "2465"]
[BlackElo "2320"]

1.e4 c5 2.Nf3 d6 3.d4 cxd4 4.Nxd4 Nf6 5.f3 Nc6 6.c4 g6 7.Be3 Bg7 8.Nc3 O-O
9.Nc2 Nd7 10.Be2 Nc5 11.O-O Bxc3 12.bxc3 Qa5 13.Qe1 Be6 14.Nb4 f5 15.exf5 Bxf5
16.g4 Bd7 17.f4 Na4 18.Bf3 Nb6 19.Rb1 Rae8 20.Qd1 Be6 21.Nd5 Nxc4 22.Bf2 Bc8
23.Qd3 N4e5 24.fxe5 Nxe5 25.Nxe7+ Rxe7 26.Qd5+ Qxd5 27.Bxd5+ Kg7 28.Bxa7 Rxf1+
29.Kxf1 Nxg4 30.Bd4+ Kh6 31.Kg1 Kg5 32.Bg2 h5 33.h3 Ne3 34.h4+ Kf4 35.Bf6 Re6
36.Bg5+ Kg3 37.Bh1 Nf5 38.Rf1 Nxh4 39.Bd5 Re8 40.Kh1 Bf5 41.Rg1+ Kh3 42.Bf4  1-0

[Event "EU-ch U20"]
[Site "Holon"]
[Date "1995.??.??"]
[Round "5"]
[White "Skripchenko, Almira"]
[Black "Nisipeanu, Liviu Dieter"]
[Result "1/2-1/2"]
[WhiteElo "2400"]
[BlackElo "2465"]

1.e4 c5 2.Nf3 d6 3.d4 cxd4 4.Qxd4 Bd7 5.c4 Nc6 6.Qd2 Nf6 7.Nc3 g6 8.b3 Bg7
9.Bb2 O-O 10.h3 a6 11.Bd3 Qa5 12.O-O Rfd8 13.Rfd1 e6 14.a3 Rac8 15.b4 Qc7
16.Rac1 Qb8 17.Qe3 Be8 18.Be2 Nd7 19.Na4 Nde5 20.Nxe5 dxe5 21.Nb6 Rxd1+ 22.Rxd1 Rd8
23.c5 Nd4 24.Bc4 Qc7 25.Qg3  1/2-1/2

[Event "EU-ch U20"]
[Site "Holon"]
[Date "1995.??.??"]
[Round "8"]
[White "Nisipeanu, Liviu Dieter"]
[Black "Kovacevic, Blazimir"]
[Result "1-0"]
[WhiteElo "2465"]
[BlackElo "2340"]

1.e4 e6 2.d4 d5 3.Nd2 Nf6 4.e5 Nfd7 5.f4 c5 6.c3 Nc6 7.Ndf3 a5 8.Bd3 cxd4
9.cxd4 Nb6 10.Ne2 a4 11.O-O Nb4 12.Bb1 Nc4 13.f5 exf5 14.g4 g6 15.gxf5 gxf5
16.Ng3 Rg8 17.Kh1 Be6 18.Nxf5 Qb6 19.Ng5 O-O-O 20.Nxh7 Nc6 21.Nxf8 Rdxf8
22.b3 Qa5 23.bxc4 Qc3 24.Qd2 Qh3 25.Qf2 Rg4 26.Bf4 Rfg8 27.Ne3 Nxd4 28.Bd3 dxc4
29.Rac1 Rxf4  1-0

[Event "ROM-chT"]
[Site "ROM"]
[Date "1995.??.??"]
[Round "?"]
[White "Grunberg, Mihai"]
[Black "Nisipeanu, Liviu Dieter"]
[Result "0-1"]
[WhiteElo "2380"]
[BlackElo "2420"]

1.f4 c5 2.Nf3 Nc6 3.g3 g6 4.Bg2 Bg7 5.O-O d6 6.d3 e6 7.e4 Nge7 8.c3 O-O 9.Be3 b6
10.a4 d5 11.e5 d4 12.cxd4 Nf5 13.Bf2 cxd4 14.Nh4 Nfe7 15.Na3 g5 16.Nf3 gxf4
17.gxf4 Nf5 18.Ng5 Bd7 19.Qh5 h6 20.Ne4 Nb4 21.Nd6 Nxd6 22.Bh4 Qc8 23.exd6 Nxd3
24.Nb5 f5 25.Qf3 Qc4 26.b3 Bc6 27.Rad1  0-1

[Event "ROM-chT"]
[Site "ROM"]
[Date "1995.??.??"]
[Round "?"]
[White "Zainea, Marius"]
[Black "Nisipeanu, Liviu Dieter"]
[Result "1/2-1/2"]
[WhiteElo "2175"]
[BlackElo "2420"]

1.d4 Nf6 2.c4 g6 3.Nc3 Bg7 4.e4 d6 5.f3 O-O 6.Be3 Nfd7 7.Qd2 c5 8.d5 a6 9.a4 Ne5
10.h3 f5 11.f4 Nf7 12.exf5 gxf5 13.Nf3 e5 14.dxe6 Bxe6 15.Be2 Nc6 16.Rb1 Nb4
17.O-O Re8 18.Bf2 Qc7 19.Ne1 Qa5 20.Rd1 Rad8 21.Nc2 Nxc2 22.Qxc2 Qb4 23.Bh4 Rd7
24.Rfe1 Bd4+ 25.Kh2 Be3  1/2-1/2

[Event "Balatonbereny"]
[Site "Balatonbereny"]
[Date "1996.??.??"]
[Round "3"]
[White "Nisipeanu, Liviu Dieter"]
[Black "Horvath, Csaba"]
[Result "1/2-1/2"]
[WhiteElo "2515"]
[BlackElo "2540"]

1.e4 Nf6 2.Nc3 d5 3.e5 Nfd7 4.e6 fxe6 5.d4 Nf6 6.Nf3 g6 7.h4 Bg7 8.Bd3 c5
9.dxc5 Nc6 10.h5 gxh5 11.Bf4 Qa5 12.Qd2 Bd7 13.O-O-O O-O 14.Kb1 Qxc5 15.Bg3 Ng4
16.Rxh5 Bxc3 17.Qxc3  1/2-1/2

[Event "Balatonbereny"]
[Site "Balatonbereny"]
[Date "1996.??.??"]
[Round "7"]
[White "Nisipeanu, Liviu Dieter"]
[Black "Romanishin, Oleg M"]
[Result "0-1"]
[WhiteElo "2515"]
[BlackElo "2590"]

1.e4 e5 2.Nf3 Nc6 3.Bb5 a6 4.Ba4 Nf6 5.O-O Be7 6.Re1 b5 7.Bb3 d6 8.c3 O-O
9.h3 Na5 10.Bc2 c5 11.d4 Bb7 12.Nbd2 cxd4 13.cxd4 exd4 14.Nxd4 Re8 15.b3 Bf8
16.Bb2 g6 17.Rc1 Bg7 18.Bd3 Nd7 19.b4 Ne5 20.Bf1 Nac4 21.Nxc4 Nxc4 22.Bxc4 bxc4
23.Qd2 Rc8 24.f3 d5 25.exd5 Qxd5 26.Bc3 Rcd8 27.Rxe8+ Rxe8 28.Qf2 h5 29.Rd1 Qd6
30.Kh1 Qf4 31.Ba1 Qe3 32.Qxe3 Rxe3 33.Nc2 Rd3 34.Rxd3 cxd3 35.Bxg7 Kxg7 36.Ne3 Kf6
37.f4 g5 38.fxg5+ Kxg5 39.Kg1 Kf4 40.Kf2 Bc6 41.h4 f5 42.Nf1 Ke5 43.Ke3 f4+
44.Kf2 Kd4  0-1

[Event "Berliner Sommer"]
[Site "Berlin"]
[Date "1996.??.??"]
[Round "2"]
[White "Nisipeanu, Liviu Dieter"]
[Black "Mihok, Laszlo"]
[Result "1/2-1/2"]
[WhiteElo "2500"]
[BlackElo "2225"]

1.e4 e5 2.Nf3 Nf6 3.Nxe5 d6 4.Nf3 Nxe4 5.d4 d5 6.Bd3 Bd6 7.O-O O-O 8.c4 c6
9.cxd5 cxd5 10.Nc3 Nxc3 11.bxc3 Bg4 12.Rb1 Nd7 13.h3 Bh5 14.Rb5 Nb6 15.c4 Bxf3
16.Qxf3 dxc4 17.Bc2 Qd7 18.Ra5 a6 19.Bg5 Rfe8 20.Bf6 g6 21.Rh5 Re6 22.d5 Rxf6
23.Qxf6 Re8 24.Rb1 Re2 25.Bf5 Nxd5 26.Qd4 Qe7 27.Rf1 gxh5 28.Qxd5 Re5 29.Qxc4 Rc5
30.Qd3 Qe5 31.f4 Qf6 32.Bxh7+ Kg7 33.Be4 Rc3 34.Qd5 Bxf4 35.Kh1 Be5 36.Bd3 Qe6
37.Qe4 f5 38.Qxb7+ Rc7 39.Qf3 Qg6 40.Bxf5 Qg3 41.Qxg3+ Bxg3 42.Be6 h4 43.Rg1 a5  1/2-1/2